Circuitos eléctricos en régimen transitorio: teoría y problemas vol.1 (Registro nro. 13569)
[ vista simple ]
| 000 -Cabecera | |
|---|---|
| Campo de control de longitud fija | 00651nam a22002057a 4500 |
| 005 - Fecha y hora de la última transacción | |
| Campo de control | 20251118102624.0 |
| 008 - Elementos de longitud fija--Información general | |
| Campo de control de longitud fija | 230510b2020 |||||||| |||| 00| 0 spa d |
| 041 ## - Idioma | |
| Código de idioma | Español |
| 082 ## - Clasificación Decimal Dewey | |
| Número de clasificación | 621.381.5 B123 |
| 100 ## - Entrada principal--Autor personal | |
| Nombre personal | Bachiller Soler, Alfonso |
| 9 (RLIN) | 76585 |
| 100 ## - Entrada principal--Autor personal | |
| Nombre personal | Caño González, Ramón |
| 9 (RLIN) | 76586 |
| 245 ## - Título propiamente dicho | |
| Título | Circuitos eléctricos en régimen transitorio: teoría y problemas vol.1 |
| 260 ## - Pie de imprenta | |
| Lugar de publicación, distribución, etc. | España |
| Nombre del editor, distribuidor, etc. | Ediciones Díaz de Santos |
| Fecha de publicación, distribución, etc. | 2020 |
| 300 ## - Descripción física | |
| Extensión | 238 páginas |
| 650 ## - Materia general | |
| Temática (materia general) | CIRCUITOS ELÉCTRICOS |
| 650 ## - Materia general | |
| Temática (materia general) | TRANSITORIOS DE PRIMER ORDEN |
| 650 ## - Materia general | |
| Temática (materia general) | TRANSITORIOS DE SEGUNDO ORDEN |
| 650 ## - Materia general | |
| Temática (materia general) | TRANFORMADA DE LAPLACE |
| 942 ## - Punto de acceso adicional KOHA | |
| Tipo de ítem KOHA | Libro |
| Fuente del sistema de clasificación o colocación | Dewey Decimal Classification |
| Signatura completa | Código de barras | Programa Académico | Tipo de ítem |
|---|---|---|---|
| 621.381.5 B123 | 25696 | Electrónica | Libro |